00326nam a22001457a 4500003000400000005001700004008004100021020001500062040000700077082001200084100001400096245003900110260002300149300000800172OSt20220128110528.0220128b |||||||| |||| 00| 0 eng d a0135236975 cHU a621.366 aWilson J. aLasers Principles And Applications aNew YorkbNew York f308